000 00834nam a22002897a 4500
003 AR-RoUNA
005 20251003082959.0
008 251001b |||||||| |||| 00| 0 spa d
020 _a9780500410608
040 _aAR-RoUNA
_bspa
_dAR-RoUNA
041 _aeng
_heng
044 _aag
100 1 _aCartier-Bresson, Henri
_d1908-2004
_927468
245 1 0 _aHenri Cartier-Bresson /
_cHenri Cartier-Bresson; introduccion por Michael Brenson
250 _a1a. ed.
260 _aNueva York :
_bThames & Hudson Ltd,
_c2006
300 _a71 p.:
_bfot. byn.
_c19x13 cm
650 4 _aFotografía
650 4 _aArte
650 4 _aArtistas
700 1 _aMichael Brenson
_927469
908 _aImp
930 _e12249
942 _2ddc
_cLIB
945 _aMIA
_d2025-10-01
980 _61
_aMaricel Allasia
_83
_gGermán Grimolizzi
999 _c12149
_d12149